100 Biggest Cities in Alabama on a Map - Statistics

General Stats
  • This quiz has been taken 695 times
  • The average score is 36 of 100
Answers on the Map
Answers color-coded by a green-red scale on the quiz's map according to % correct below.
 
Answer Stats
Population City % Correct
200,733 Birmingham
96%
215,006 Huntsville
94%
187,041 Mobile
94%
200,603 Montgomery
94%
99,600 Tuscaloosa
88%
76,143 Auburn
83%
71,072 Dothan
75%
57,938 Decatur
72%
92,606 Hoover
72%
40,184 Florence
69%
56,933 Madison
69%
38,816 Phenix City
60%
17,971 Selma
59%
33,945 Gadsden
55%
16,275 Muscle Shoals
54%
30,995 Opelika
54%
27,462 Daphne
53%
15,014 Gulf Shores
52%
28,711 Enterprise
51%
39,102 Vestavia Hills
51%
26,019 Bessemer
50%
33,284 Alabaster
48%
25,406 Athens
47%
37,781 Prattville
47%
21,564 Anniston
45%
22,477 Fairhope
45%
31,125 Northport
45%
26,414 Homewood
43%
15,861 Talladega
43%
18,213 Cullman
42%
8,095 Orange Beach
41%
14,385 Jacksonville
40%
17,727 Troy
39%
20,335 Foley
38%
26,123 Trussville
37%
14,877 Fort Payne
34%
7,374 Greenville
34%
22,461 Mountain Brook
34%
22,069 Oxford
34%
24,318 Pelham
34%
15,578 Scottsboro
34%
9,395 Tuskegee
34%
22,386 Albertville
33%
16,171 Saraland
33%
10,049 Spanish Fort
33%
8,107 Bay Minette
32%
14,572 Jasper
32%
8,805 Andalusia
31%
19,322 Prichard
31%
7,162 Demopolis
30%
9,054 Tuscumbia
30%
8,461 Arab
28%
20,914 Helena
28%
13,497 Irondale
28%
12,324 Leeds
28%
16,044 Gardendale
27%
8,553 Guntersville
27%
7,042 Hamilton
27%
12,939 Pell City
27%
16,494 Calera
26%
10,855 Russellville
26%
9,403 Sheffield
26%
7,220 Wetumpka
26%
10,107 Boaz
25%
12,882 Eufaula
25%
15,455 Hartselle
25%
6,771 Opp
25%
10,191 Rainbow City
25%
14,843 Alexander City
24%
8,768 Clanton
24%
16,776 Hueytown
24%
14,368 Ozark
24%
12,578 Sylacauga
24%
14,982 Chelsea
23%
10,000 Fairfield
23%
8,391 Atmore
22%
10,291 Clay
22%
9,876 Fultondale
22%
6,749 Satsuma
22%
17,731 Tillmans Corner
22%
10,529 Valley
22%
16,406 Center Point
21%
6,845 Lincoln
21%
6,708 Robertsdale
21%
7,229 Montevallo
20%
13,170 Moody
20%
6,938 Oneonta
20%
16,564 Millbrook
19%
7,215 Pinson
18%
10,409 Forestdale
17%
6,970 Lanett
17%
9,426 Southside
17%
9,956 Saks
16%
12,965 McCalla
15%
8,209 Meridianville
15%
9,544 Pleasant Grove
15%
9,688 Meadowbrook
14%
9,439 Pike Road
14%
6,729 Moores Mill
12%
7,406 Brook Highland
7%
No matching quizzes found
Score Distribution
Percent of People with Each Score
Percentile by Number Answered
Your Score History
You have not taken this quiz